[Event "Geller Memorial"]
[Site "Moscow"]
[Date "1999.02.05"]
[Round "4.1"]
[White "Polovodin, Igor A"]
[Black "Ulko, Jaroslav"]
[Result "1-0"]
[WhiteElo "2468"]
[BlackElo "2397"]
[PlyCount "91"]
[EventDate "1999.02.02"]

1. d4 Nf6 2. Nf3 g6 3. g3 Bg7 4. Bg2 O-O 5. O-O d6 6. b3 c5 7. Bb2 cxd4 8. Nxd4
Qa5 9. c4 Qh5 10. Nc3 Nc6 11. Nxc6 bxc6 12. Bxc6 Ng4 13. h4 Rb8 14. Qd2 Ne5 15.
Bg2 Be6 16. Rab1 Bf5 17. Rbc1 Bh6 18. f4 Be6 19. Nd5 Bxd5 20. cxd5 Qg4 21. Qd4
Qxg3 22. Rc3 Qg4 23. Rcf3 Rb4 24. Qxb4 Nxf3+ 25. Rxf3 Rc8 26. Qd2 Qxh4 27. e3
Bg7 28. Bxg7 Kxg7 29. Rf1 h5 30. e4 Qg4 31. Qd3 Rc7 32. f5 g5 33. f6+ exf6 34.
Qd4 Qg3 35. Qxf6+ Kh7 36. e5 Qxe5 37. Qxe5 dxe5 38. d6 Rd7 39. Rd1 Kg6 40. Bc6
Rd8 41. d7 Kf6 42. b4 Ke7 43. b5 f5 44. a4 h4 45. a5 h3 46. a6 1-0

[Event "Geller Memorial"]
[Site "Moscow"]
[Date "1999.02.05"]
[Round "4.2"]
[White "Belozerov, Andrei"]
[Black "Goloshchapov, Alexander"]
[Result "1-0"]
[WhiteElo "2437"]
[BlackElo "2446"]
[PlyCount "71"]
[EventDate "1999.02.02"]

1. d4 d5 2. c4 c6 3. Nc3 Nf6 4. e3 e6 5. Qc2 Nbd7 6. Bd2 Bd6 7. Nf3 O-O 8.
O-O-O b5 9. c5 Bc7 10. Bd3 e5 11. e4 b4 12. Nxd5 cxd5 13. dxe5 dxe4 14. Bxe4
Nxe4 15. Qxe4 Nxc5 16. Qxa8 Qd3 17. Bxb4 Qc4+ 18. Bc3 Qxa2 19. Qc6 Nb3+ 20. Kc2
Bf5+ 21. Rd3 Bb6 22. e6 Bxe6 23. Re1 Nc5 24. Rxe6 Nxe6 25. Bb4 Bxf2 26. Bxf8
Nxf8 27. Rd8 Qa5 28. Qd6 Qc5+ 29. Qxc5 Bxc5 30. Ne5 f6 31. Nd7 Be7 32. Ra8 Kf7
33. Nxf8 Bxf8 34. Rxa7+ Ke6 35. Kd3 h5 36. Ke4 1-0

[Event "Geller Memorial"]
[Site "Moscow"]
[Date "1999.02.05"]
[Round "4.5"]
[White "Kobalija, Mihail"]
[Black "Nalbandian, Tigran"]
[Result "1-0"]
[WhiteElo "2537"]
[BlackElo "2439"]
[PlyCount "61"]
[EventDate "1999.02.02"]

1. e4 Nf6 2. e5 Nd5 3. d4 d6 4. Nf3 Bg4 5. Be2 e6 6. O-O Be7 7. c4 Nb6 8. Nc3
O-O 9. Be3 d5 10. c5 Bxf3 11. gxf3 Nc8 12. f4 Bh4 13. Bd3 g6 14. f5 exf5 15.
Qf3 c6 16. Kh1 Kh8 17. Rg1 Na6 18. Bxf5 Ne7 19. Bc2 Ng8 20. Qh3 Nc7 21. Rg4 Be7
22. Rag1 Qd7 23. f4 Rae8 24. f5 Bd8 25. Ne2 b6 26. Nf4 g5 27. Qxh7+ Kxh7 28.
f6+ Kh6 29. Rh4+ gxh4 30. Ne6+ Kh5 31. Bd1# 1-0

[Event "Geller Memorial"]
[Site "Moscow"]
[Date "1999.02.05"]
[Round "4.6"]
[White "Zakharevich, Igor"]
[Black "Ivanov, Victor L"]
[Result "1/2-1/2"]
[WhiteElo "2532"]
[BlackElo "2427"]
[PlyCount "51"]
[EventDate "1999.02.02"]

1. d4 d5 2. Nf3 Nf6 3. c4 e6 4. Nc3 dxc4 5. e4 b5 6. e5 Nd5 7. a4 c6 8. Ng5 h6
9. Nge4 b4 10. Nb1 Ba6 11. Nbd2 Nf4 12. Qg4 Nd3+ 13. Bxd3 cxd3 14. O-O h5 15.
Qf4 Be7 16. Nc5 Bxc5 17. dxc5 Nd7 18. Ne4 O-O 19. Bd2 Qc7 20. Nd6 Nxc5 21. Bxb4
Nb3 22. Ne4 c5 23. Nxc5 Nxa1 24. Nxa6 Qc6 25. Bxf8 Rxf8 26. Nb4 1/2-1/2

[Event "Geller Memorial"]
[Site "Moscow"]
[Date "1999.02.05"]
[Round "4.7"]
[White "Solovjov, Sergey"]
[Black "Beshukov, Sergei"]
[Result "1-0"]
[WhiteElo "2447"]
[BlackElo "2511"]
[PlyCount "85"]
[EventDate "1999.02.02"]

1. e4 c5 2. Nf3 Nc6 3. Nc3 e6 4. d4 cxd4 5. Nxd4 Nf6 6. Ndb5 d6 7. Bf4 e5 8.
Nd5 Nxd5 9. exd5 exf4 10. dxc6 bxc6 11. Qf3 d5 12. O-O-O Be7 13. Qc3 cxb5 14.
Qxg7 Bf6 15. Bxb5+ Ke7 16. Rhe1+ Be6 17. Rxe6+ Kxe6 18. Re1+ Kd6 19. Qxf7 Kc5
20. Re6 Kxb5 21. Qb7+ Qb6 22. Qxd5+ Ka6 23. Qc4+ Kb7 24. Rxb6+ axb6 25. Qf7+
Ka6 26. Qxf6 Rhf8 27. Qc6 Rac8 28. Qc4+ Kb7 29. Qe4+ Kb8 30. Qxh7 f3 31. gxf3
Rxf3 32. Qg6 Ka7 33. Qg7+ Ka6 34. b4 Rfc3 35. Qg6 Kb5 36. a3 Ka4 37. Kb2 R8c6
38. Qe4 R6c4 39. Qa8+ Kb5 40. Qd5+ Ka4 41. Qd2 Rxa3 42. Qd7+ Kxb4 43. Qd6+ 1-0

[Event "Geller Memorial"]
[Site "Moscow"]
[Date "1999.02.05"]
[Round "4.12"]
[White "Vorotnikov, Vladislav V"]
[Black "Fokin, Sergey"]
[Result "1-0"]
[WhiteElo "2463"]
[BlackElo "2390"]
[PlyCount "79"]
[EventDate "1999.02.02"]

1. e4 c5 2. c3 d5 3. exd5 Qxd5 4. d4 Nf6 5. Na3 e6 6. Nb5 Na6 7. Be3 Bd7 8.
dxc5 Bxc5 9. Bxc5 Qe5+ 10. Be3 Bxb5 11. Nf3 Qh5 12. c4 Bd7 13. Be2 Qa5+ 14. Qd2
Qxd2+ 15. Kxd2 Ne4+ 16. Kc1 f6 17. b3 e5 18. Kb2 Nac5 19. Nxe5 fxe5 20. f3 Na4+
21. bxa4 Nf6 22. a5 a6 23. Rhe1 Bc6 24. Bb6 Kf7 25. Bd3 Rhe8 26. Re3 e4 27.
fxe4 Nxe4 28. Rf1+ Nf6 29. Rg3 Be4 30. Bd4 Bxd3 31. Rxd3 Re2+ 32. Kc3 Rxg2 33.
Bxf6 gxf6 34. Rd6 Rxh2 35. Rdxf6+ Ke7 36. Rf7+ Ke6 37. Rxb7 Rxa2 38. Rh1 Rg8
39. Rb6+ Ke5 40. Rxh7 1-0

[Event "Geller Memorial"]
[Site "Moscow"]
[Date "1999.02.05"]
[Round "4.13"]
[White "Zaitsev, Vadim"]
[Black "Vokarev, Sergey"]
[Result "1/2-1/2"]
[WhiteElo "2412"]
[BlackElo "2462"]
[PlyCount "105"]
[EventDate "1999.02.02"]

1. Nf3 Nf6 2. g3 d5 3. Bg2 c6 4. d3 Bg4 5. O-O Nbd7 6. c4 e6 7. Nbd2 Bd6 8. b3
O-O 9. Bb2 Qe7 10. a3 a5 11. Qb1 h6 12. Re1 e5 13. cxd5 cxd5 14. e4 d4 15. Nh4
g6 16. Nc4 b5 17. Nxd6 Qxd6 18. Bc1 Kg7 19. f4 Nc5 20. h3 Bd7 21. Nf3 Qb6 22.
fxe5 Ng8 23. Nxd4 Nxb3 24. Be3 Nxd4 25. Qb2 Bxh3 26. Bxd4 Qe6 27. Bf2 Bxg2 28.
Kxg2 f5 29. exf6+ Nxf6 30. Rac1 Rf7 31. Bd4 Kg8 32. Rf1 Raf8 33. Bxf6 Rxf6 34.
Rxf6 Qxf6 35. Qxf6 Rxf6 36. Rb1 Rb6 37. Kf3 b4 38. axb4 axb4 39. Rb3 Kf7 40. e5
Ke6 41. Ke4 h5 42. d4 Rb5 43. d5+ Rxd5 44. Rxb4 Rxe5+ 45. Kf3 Kf5 46. Rb2 Rd5
47. Kg2 Rd4 48. Rf2+ Ke5 49. Kh3 g5 50. Re2+ Re4 51. Ra2 Kd4 52. Ra4+ Ke3 53.
Ra5 1/2-1/2

[Event "Geller Memorial"]
[Site "Moscow"]
[Date "1999.02.05"]
[Round "4.15"]
[White "Chepukaitis, Genrih"]
[Black "Poluljahov, Aleksandr"]
[Result "0-1"]
[WhiteElo "2415"]
[BlackElo "2566"]
[PlyCount "51"]
[EventDate "1999.02.02"]

1. d4 e6 2. Nf3 c5 3. e3 Nf6 4. a3 b6 5. c4 g6 6. Nc3 Bg7 7. Be2 O-O 8. O-O Bb7
9. d5 exd5 10. cxd5 Re8 11. Rb1 d6 12. Re1 a6 13. a4 Nbd7 14. b3 Ne5 15. Bb2
Nxf3+ 16. gxf3 Nxd5 17. Nxd5 Qg5+ 18. Kf1 Bxd5 19. Bxg7 Kxg7 20. Bc4 Bc6 21.
Qxd6 Bxf3 22. Qg3 Qf5 23. Kg1 Qh5 24. Qf4 Re4 25. Qxf7+ Kh6 26. Rec1 0-1

[Event "Geller Memorial"]
[Site "Moscow"]
[Date "1999.02.05"]
[Round "4.16"]
[White "Kiriakov, Petr"]
[Black "Potkin, Vladimir"]
[Result "1-0"]
[WhiteElo "2564"]
[BlackElo "2400"]
[PlyCount "81"]
[EventDate "1999.02.02"]

1. d4 d5 2. c4 e6 3. Nc3 c5 4. cxd5 exd5 5. Nf3 Nc6 6. g3 Nf6 7. Bg2 Be7 8. O-O
O-O 9. dxc5 Bxc5 10. Bg5 d4 11. Bxf6 Qxf6 12. Nd5 Qd8 13. Nd2 Re8 14. Rc1 Bb6
15. Nc4 Bg4 16. Re1 Ba5 17. Nxa5 Qxa5 18. Qb3 Be6 19. Qa3 Qxa3 20. bxa3 Rac8
21. Kf1 Kf8 22. Rc5 b6 23. Rcc1 Bf5 24. Red1 Ne5 25. Nc7 Red8 26. h3 d3 27.
exd3 Bxd3+ 28. Kg1 Be2 29. Rxd8+ Rxd8 30. f4 Nc4 31. Nb5 Rd2 32. Nxa7 Rxa2 33.
Nb5 Nxa3 34. Nc3 Rd2 35. Ra1 Nc4 36. Ra8+ Ke7 37. Ra7+ Kd6 38. g4 Ne3 39. f5
Ke5 40. Re7+ Kf4 41. Re4+ 1-0

[Event "Geller Memorial"]
[Site "Moscow"]
[Date "1999.02.05"]
[Round "4.17"]
[White "Sherbakov, Ruslan"]
[Black "Ivanov, Timur"]
[Result "1-0"]
[WhiteElo "2559"]
[BlackElo "2390"]
[PlyCount "75"]
[EventDate "1999.02.02"]

1. d4 Nf6 2. c4 e6 3. Nc3 Bb4 4. e3 c5 5. Nge2 cxd4 6. exd4 O-O 7. c5 d5 8. a3
Bxc3+ 9. Nxc3 a5 10. Bf4 Bd7 11. Bd3 a4 12. O-O Bc6 13. Bd6 Re8 14. Nb5 Na6 15.
Bf4 b6 16. Nd6 Rf8 17. Bxa6 Rxa6 18. Bg5 bxc5 19. dxc5 h6 20. Bh4 g5 21. Bg3
Ne4 22. Nxe4 dxe4 23. Bd6 Re8 24. Qd4 Ra8 25. Rfe1 f6 26. Rad1 Kg7 27. Rxe4
Bxe4 28. Qxe4 Qc8 29. h4 gxh4 30. Qg4+ Kh7 31. Qxh4 Rg8 32. Qxf6 Qc6 33. g3 Qe8
34. Be5 Rg6 35. Qf3 Rc8 36. Qb7+ Kg8 37. Rd7 Qf8 38. Rh7 1-0

[Event "Geller Memorial"]
[Site "Moscow"]
[Date "1999.02.05"]
[Round "4.18"]
[White "Kulikov, Aleksandr"]
[Black "Volzhin, Alexander"]
[Result "1/2-1/2"]
[WhiteElo "2405"]
[BlackElo "2543"]
[PlyCount "46"]
[EventDate "1999.02.02"]

1. d4 Nf6 2. Nf3 e6 3. c4 c5 4. Nc3 cxd4 5. Nxd4 Bb4 6. Ndb5 O-O 7. a3 Bxc3+ 8.
Nxc3 d5 9. e3 Nc6 10. cxd5 exd5 11. Be2 Bf5 12. O-O Rc8 13. Nb5 Re8 14. Nd4
Nxd4 15. Qxd4 a6 16. Bd3 Bxd3 17. Qxd3 Ne4 18. Bd2 Rc6 19. Rad1 Rh6 20. Be1 Qc7
21. h3 Rd8 22. f3 Nc5 23. Qc2 Rc6 1/2-1/2

[Event "Geller Memorial"]
[Site "Moscow"]
[Date "1999.02.05"]
[Round "4.20"]
[White "Tosic, Miroslav"]
[Black "Kachar, Vladimir"]
[Result "0-1"]
[WhiteElo "2517"]
[BlackElo "2390"]
[PlyCount "108"]
[EventDate "1999.02.02"]

1. Nf3 Nf6 2. c4 c5 3. Nc3 d5 4. cxd5 Nxd5 5. g3 Nc6 6. Bg2 g6 7. O-O Bg7 8.
Nxd5 Qxd5 9. d3 Bd7 10. Ng5 Qd4 11. Be3 Qe5 12. Qb3 e6 13. Qxb7 Rb8 14. Qa6 Rb6
15. Qa3 Qxb2 16. Qxc5 Rb5 17. Qc4 Ne5 18. Qh4 Qxe2 19. Ne4 O-O 20. Kh1 Bc6 21.
Rac1 Ba8 22. d4 Nf3 23. Qg4 Nxd4 24. Qxe2 Nxe2 25. Rc7 a5 26. Ra7 Bd5 27. a4
Rb4 28. Nc5 Rc8 29. Rxa5 Nc3 30. Re1 Rc4 31. Kg1 Bxg2 32. Kxg2 Nd5 33. Nb3 Bc3
34. Rxd5 exd5 35. Rd1 Rb4 36. Nc1 d4 37. Bh6 Rxa4 38. Nd3 Ra1 39. Bc1 Rb8 40.
Kf3 Rbb1 41. Ke2 Ra2+ 42. Kf3 f5 43. g4 fxg4+ 44. Kxg4 Bd2 45. Rxd2 Rxd2 46.
Bxd2 Rd1 47. Kf3 Rxd2 48. Ke4 Rd1 49. Kxd4 Rh1 50. f4 Rxh2 51. f5 g5 52. Ne5
Rd2+ 53. Ke3 h5 54. f6 Ra2 0-1

[Event "Geller Memorial"]
[Site "Moscow"]
[Date "1999.02.05"]
[Round "4.21"]
[White "Chekhov, Valery A"]
[Black "Chigvintsev, Andrei"]
[Result "1-0"]
[WhiteElo "2511"]
[BlackElo "2387"]
[PlyCount "139"]
[EventDate "1999.02.02"]

1. d4 e6 2. c4 f5 3. Nf3 Nf6 4. g3 d5 5. Bg2 c6 6. O-O Bd6 7. Qc2 O-O 8. Nc3
Qe7 9. a3 Bd7 10. Ne5 Be8 11. Bg5 h6 12. Bxf6 gxf6 13. Nf3 Na6 14. c5 Bc7 15.
e3 Rd8 16. b4 Rf7 17. Nh4 Rg7 18. Rfb1 Nb8 19. a4 Kh8 20. b5 Ba5 21. Rb2 b6 22.
Ne2 Rc8 23. Rc1 Nd7 24. bxc6 Rxc6 25. Nf4 Nf8 26. Bf1 bxc5 27. Bb5 Rc8 28. dxc5
Bc7 29. Nxd5 exd5 30. Nxf5 Qe5 31. Bxe8 Rxe8 32. Nxg7 Kxg7 33. Rb7 Re7 34. Qd3
a5 35. Rd1 Ne6 36. Qxd5 Nxc5 37. Ra7 Qxd5 38. Rxd5 Nxa4 39. Rdxa5 Nb6 40. Rc5
Bd6 41. Rxe7+ Bxe7 42. Rc7 Kf7 43. e4 Na4 44. Rc4 Nb2 45. Rd4 Ke6 46. Kg2 Ke5
47. Rd7 Ke6 48. Rd2 Nc4 49. Rd4 Nd6 50. f4 Bd8 51. Kf3 Bb6 52. Ra4 Bg1 53. h3
Bc5 54. Ra6 Bd4 55. g4 Bc5 56. Rc6 Bd4 57. Rc7 Bb6 58. f5+ Ke5 59. Re7+ Kd4 60.
Re6 Nc4 61. Rxf6 Ne5+ 62. Kg2 Bc5 63. Rxh6 Kxe4 64. Ra6 Kf4 65. Ra4+ Kg5 66.
Kg3 Nd3 67. h4+ Kf6 68. Ra6+ Ke5 69. Re6+ Kd5 70. g5 1-0

[Event "Geller Memorial"]
[Site "Moscow"]
[Date "1999.02.05"]
[Round "4.24"]
[White "Hait, Alexander"]
[Black "Kalugin, Sergei"]
[Result "0-1"]
[WhiteElo "2400"]
[BlackElo "2497"]
[PlyCount "61"]
[EventDate "1999.02.02"]

1. e4 c5 2. Nf3 Nc6 3. d4 cxd4 4. Nxd4 Nf6 5. Nc3 d6 6. Bc4 e6 7. Bb3 Be7 8.
O-O O-O 9. f4 d5 10. e5 Nxd4 11. Qxd4 b6 12. Qd1 Nd7 13. Be3 Bc5 14. Qd2 Bb7
15. Rad1 Qe7 16. Rf3 d4 17. Bxd4 Bxf3 18. gxf3 Bb4 19. f5 Bxc3 20. Bxc3 Rad8
21. Qf4 exf5 22. Qxf5 Nc5 23. Bd5 Na4 24. e6 Nxc3 25. exf7+ Kh8 26. bxc3 Rxf7
27. Bxf7 Rxd1+ 28. Kg2 Rd2+ 29. Kh3 Qc7 30. Qe6 Qxh2+ 31. Kg4 0-1

[Event "Geller Memorial"]
[Site "Moscow"]
[Date "1999.02.05"]
[Round "4.25"]
[White "Prokopchuk, Evgeny"]
[Black "Bakhtadze, Giorgi"]
[Result "1-0"]
[WhiteElo "2489"]
[BlackElo "2384"]
[PlyCount "85"]
[EventDate "1999.02.02"]

1. e4 c5 2. Nf3 e6 3. c4 a6 4. Nc3 d6 5. d4 cxd4 6. Nxd4 Nf6 7. Be2 b6 8. O-O
Bb7 9. f3 Be7 10. Be3 O-O 11. Qd2 Nbd7 12. Rac1 Qc7 13. Rfd1 Rac8 14. Bf1 Qb8
15. Kh1 Bd8 16. Bg1 Bc7 17. Qf2 Rfe8 18. b4 Kh8 19. Nb3 g5 20. c5 dxc5 21. bxc5
bxc5 22. Na4 Be5 23. Naxc5 Bc6 24. Nxa6 Qa8 25. Nb4 g4 26. Nxc6 Rxc6 27. f4
Rxc1 28. Nxc1 Nxe4 29. Qe3 Bd6 30. Rxd6 Nxd6 31. Qd4+ Kg8 32. Qxd6 Qd5 33. Qxd5
exd5 34. Bb5 Rd8 35. a4 Nf6 36. a5 d4 37. a6 Nd5 38. Nb3 d3 39. Bxd3 Nb4 40.
Bc4 Rd1 41. a7 Rd8 42. Nd4 h5 43. g3 1-0

[Event "Geller Memorial"]
[Site "Moscow"]
[Date "1999.02.05"]
[Round "4.28"]
[White "Feoktistov, Alexey A."]
[Black "Kuporosov, Viktor"]
[Result "1-0"]
[WhiteElo "2390"]
[BlackElo "2485"]
[PlyCount "79"]
[EventDate "1999.02.02"]

1. e4 c5 2. c3 e6 3. d4 d5 4. exd5 exd5 5. Nf3 c4 6. b3 cxb3 7. axb3 Bd6 8. Ba3
Nc6 9. Bd3 Nge7 10. O-O O-O 11. Qc2 h6 12. h3 Be6 13. Nbd2 Rc8 14. Qb1 a5 15.
Re1 Re8 16. Bxd6 Qxd6 17. Nf1 b6 18. Ng3 Bd7 19. Re3 Ng6 20. Rxe8+ Rxe8 21.
Bxg6 fxg6 22. Qd3 b5 23. Ne5 Nxe5 24. dxe5 Rxe5 25. Rxa5 Re1+ 26. Kh2 h5 27.
Qd2 Qe5 28. Ra7 Be6 29. Ra8+ Kh7 30. f4 Qe3 31. Qxe3 Rxe3 32. Re8 b4 33. cxb4
d4 34. Nf1 Re2 35. Rd8 Re4 36. Ng3 Rxf4 37. Ne2 Rf2 38. Nxd4 Bf5 39. Rf8 h4 40.
Nf3 1-0

[Event "Geller Memorial"]
[Site "Moscow"]
[Date "1999.02.05"]
[Round "4.29"]
[White "Arbakov, Valentin"]
[Black "Kirusha, Andrey"]
[Result "1-0"]
[WhiteElo "2482"]
[BlackElo "2365"]
[PlyCount "55"]
[EventDate "1999.02.02"]

1. c4 e6 2. d4 d5 3. Nc3 c5 4. cxd5 cxd4 5. Qxd4 Nc6 6. Qd1 exd5 7. Qxd5 Bd7 8.
Nf3 Nf6 9. Qb3 Bc5 10. e3 Qe7 11. h3 O-O-O 12. Qc2 Kb8 13. Be2 Rc8 14. O-O g5
15. b4 g4 16. bxc5 gxf3 17. Bxf3 Ne5 18. Be2 Rhg8 19. g3 Qe6 20. e4 Nfg4 21.
Bf4 Ka8 22. Nd5 Rc6 23. Rab1 Nh2 24. Qb3 Rcc8 25. Kxh2 Qxh3+ 26. Kg1 Ng6 27.
Qf3 h5 28. Qh1 1-0

[Event "Geller Memorial"]
[Site "Moscow"]
[Date "1999.02.05"]
[Round "4.31"]
[White "Gelman, Alexander"]
[Black "Granovski, Aleksandar"]
[Result "1-0"]
[WhiteElo "2460"]
[BlackElo "2302"]
[PlyCount "72"]
[EventDate "1999.02.02"]

1. g3 d5 2. Bg2 Nf6 3. Nf3 c5 4. O-O Nc6 5. d3 Bg4 6. Nbd2 e6 7. e4 Be7 8. h3
Bh5 9. Re1 O-O 10. c3 Ne5 11. g4 Nxd3 12. gxh5 Nxe1 13. Nxe1 dxe4 14. Qe2 Rb8
15. Nxe4 Nxe4 16. Qxe4 Bg5 17. f4 Be7 18. Be3 b5 19. Nd3 Qc7 20. Ne5 Rb6 21.
Nc6 Bd6 22. b4 cxb4 23. cxb4 Ra6 24. h6 Rc8 25. Rc1 Re8 26. Nxa7 Qb8 27. Bf1
Rxa7 28. Qd4 gxh6 29. Qxa7 Bxf4 30. Rc2 Rd8 31. Bg2 Kh8 32. Bd4+ Be5 33. Bxe5+
Qxe5 34. Qxf7 Qe1+ 35. Kh2 Qe5+ 36. Kh1 h5 1-0

[Event "Geller Memorial"]
[Site "Moscow"]
[Date "1999.02.05"]
[Round "4.35"]
[White "Dokutchaev, Alexander"]
[Black "Deviatkin, Andrei"]
[Result "1/2-1/2"]
[WhiteElo "2443"]
[BlackElo "2284"]
[PlyCount "94"]
[EventDate "1999.02.02"]

1. d4 d5 2. c4 e6 3. Nf3 Nf6 4. Nc3 Be7 5. Bg5 Nbd7 6. e3 O-O 7. Rc1 c6 8. Bd3
dxc4 9. Bxc4 Nd5 10. Bxe7 Qxe7 11. O-O Nxc3 12. Rxc3 e5 13. Qc2 exd4 14. exd4
Nb6 15. Re1 Qd8 16. Bb3 Nd5 17. Bxd5 Qxd5 18. Re5 Qd6 19. Ng5 Qg6 20. Qxg6 hxg6
21. Re7 f6 22. Ne4 Rf7 23. Rxf7 Kxf7 24. d5 Bd7 25. Nc5 Ke7 26. Re3+ Kd6 27.
Nxb7+ Kc7 28. Re7 cxd5 29. Nc5 Kd6 30. Rxd7+ Kxc5 31. Kf1 a5 32. Ke2 Kd4 33.
Rxg7 Rb8 34. b3 Kc3 35. Rc7+ Kd4 36. Rc6 Ke5 37. f4+ Kxf4 38. Rxf6+ Kg5 39. Rd6
Rb5 40. Ke3 a4 41. bxa4 Ra5 42. a3 Kh6 43. Rb6 Rxa4 44. Rb3 Kg5 45. Kd2 Kf5 46.
Rf3+ Ke4 47. Rg3 Kf5 1/2-1/2

[Event "Geller Memorial"]
[Site "Moscow"]
[Date "1999.02.05"]
[Round "4.37"]
[White "Zakharov, Alexander S."]
[Black "Nemtsev, Igor"]
[Result "1-0"]
[WhiteElo "2430"]
[BlackElo "2220"]
[PlyCount "95"]
[EventDate "1999.02.02"]

1. e4 c5 2. Nc3 d6 3. g3 Nc6 4. Bg2 Nf6 5. Nge2 g6 6. O-O Bg7 7. a3 O-O 8. Rb1
a5 9. a4 e5 10. d3 Rb8 11. Nb5 d5 12. Bg5 Be6 13. Nec3 d4 14. Nd5 Nb4 15. Nxb4
cxb4 16. f4 Qb6 17. Kh1 h6 18. Bxf6 Bxf6 19. c4 dxc3 20. bxc3 exf4 21. gxf4
Rfd8 22. cxb4 axb4 23. Rxb4 Qe3 24. d4 Rbc8 25. d5 Bh3 26. Bxh3 Qxh3 27. Qf3
Qh4 28. Qg3 Qh5 29. Qf3 Qh4 30. d6 Rc2 31. h3 Rdc8 32. Qg4 Qxg4 33. hxg4 Rd2
34. Rb3 Rc4 35. e5 Bd8 36. Rh3 Kg7 37. Rh2 Rd5 38. Re2 Bb6 39. f5 Rxg4 40. e6
fxe6 41. fxe6 Rh5+ 42. Rh2 Rf5 43. Rc1 Rxa4 44. e7 Re4 45. Nc7 Rfe5 46. d7 Rxe7
47. d8=Q Bxc7 48. Qxc7 1-0

[Event "Geller Memorial"]
[Site "Moscow"]
[Date "1999.02.05"]
[Round "4.38"]
[White "Drozdovskiy, Yuri"]
[Black "Saulin, Dmitri"]
[Result "1/2-1/2"]
[WhiteElo "2312"]
[BlackElo "2427"]
[PlyCount "50"]
[EventDate "1999.02.02"]

1. d4 Nf6 2. c4 e6 3. Nc3 Bb4 4. Qc2 O-O 5. Nf3 c5 6. dxc5 Na6 7. g3 Nxc5 8.
Bg2 b6 9. O-O Bb7 10. a3 Bxc3 11. Qxc3 Rc8 12. Rd1 Qe7 13. Bg5 Nce4 14. Bxf6
Nxf6 15. Qd4 d5 16. cxd5 Bxd5 17. Rac1 Qb7 18. Ne1 Bxg2 19. Nxg2 h6 20. Ne3 Qa6
21. Nc4 Rc5 22. b3 Rd5 23. Qb2 Rc8 24. Rxd5 exd5 25. Ne5 Rxc1+ 1/2-1/2

[Event "Geller Memorial"]
[Site "Moscow"]
[Date "1999.02.05"]
[Round "4.39"]
[White "Grachev, Boris"]
[Black "Mitenkov, Alexey"]
[Result "1-0"]
[WhiteElo "2192"]
[BlackElo "2425"]
[PlyCount "79"]
[EventDate "1999.02.02"]

1. e4 c5 2. Nf3 d6 3. c3 Nf6 4. Be2 g6 5. O-O Bg7 6. Bb5+ Bd7 7. Bxd7+ Qxd7 8.
Re1 Nc6 9. d4 cxd4 10. cxd4 d5 11. e5 Ne4 12. Nc3 Nxc3 13. bxc3 O-O 14. h4 Nd8
15. Qd3 Ne6 16. Ng5 Rac8 17. h5 Rfd8 18. hxg6 fxg6 19. Qg3 Nxg5 20. Bxg5 Qe6
21. Qh4 Rxc3 22. Bxe7 Rdc8 23. Bf6 Bf8 24. Re3 b5 25. Rb1 b4 26. Rb3 Rxe3 27.
Rxe3 Rc3 28. Qg3 Rxe3 29. Qxe3 a5 30. Qc1 Qd7 31. Qc2 a4 32. g3 Kf7 33. Kg2 Qb7
34. Qxa4 h6 35. Qa5 g5 36. Qa4 Qc8 37. Qb5 Ke6 38. Qe2 Qc4 39. Qg4+ Kf7 40.
Qd7+ 1-0

[Event "Geller Memorial"]
[Site "Moscow"]
[Date "1999.02.05"]
[Round "4.41"]
[White "Balashov, Yuri S"]
[Black "Filipenko, Alexander V"]
[Result "1/2-1/2"]
[WhiteElo "2578"]
[BlackElo "2360"]
[PlyCount "54"]
[EventDate "1999.02.02"]

1. e4 c5 2. Nc3 d6 3. g3 Nf6 4. Bg2 Nc6 5. d3 g6 6. f4 Bg7 7. Nf3 O-O 8. O-O
Rb8 9. h3 b5 10. a3 Ne8 11. g4 a5 12. f5 b4 13. axb4 axb4 14. Ne2 Nc7 15. Qe1
Nb5 16. Qh4 Nbd4 17. Nexd4 Nxd4 18. Bh6 Nxf3+ 19. Rxf3 Bxb2 20. Raf1 f6 21.
fxg6 hxg6 22. Bxf8 Qxf8 23. g5 Bd4+ 24. Kh1 Kg7 25. Qh6+ Kf7 26. Qxf8+ Kxf8 27.
gxf6 exf6 1/2-1/2

[Event "Geller Memorial"]
[Site "Moscow"]
[Date "1999.02.05"]
[Round "4.42"]
[White "Riazantsev, Alexander"]
[Black "Kharitonov, Andrei Y"]
[Result "1/2-1/2"]
[WhiteElo "2387"]
[BlackElo "2562"]
[PlyCount "54"]
[EventDate "1999.02.02"]

1. d4 Nf6 2. c4 e6 3. Nf3 d5 4. Nc3 Nbd7 5. cxd5 exd5 6. Bg5 c6 7. e3 Be7 8.
Bd3 Ne4 9. Bxe7 Qxe7 10. Qc2 f5 11. O-O O-O 12. Rab1 a5 13. Rfc1 Rf6 14. Ne2
Rh6 15. Ng3 Nf8 16. Ne5 Ng6 17. f4 Nxe5 18. dxe5 b6 19. Bxe4 fxe4 20. Qb3 Rb8
21. Rc2 Kh8 22. Rbc1 Bd7 23. a3 Qh4 24. Nf1 Qg4 25. Rd2 g5 26. Qc3 Kg8 27. Rf2
Rf8 1/2-1/2

[Event "Geller Memorial"]
[Site "Moscow"]
[Date "1999.02.05"]
[Round "4.44"]
[White "Gutov, Andrei"]
[Black "Yemelin, Vasily"]
[Result "1-0"]
[WhiteElo "2345"]
[BlackElo "2550"]
[PlyCount "80"]
[EventDate "1999.02.02"]

1. d4 Nf6 2. c4 e6 3. Nc3 Bb4 4. e3 b6 5. Nge2 Ba6 6. a3 Bxc3+ 7. Nxc3 d5 8. b3
O-O 9. Be2 Nc6 10. a4 Na5 11. Ba3 Re8 12. Rb1 Rc8 13. O-O c5 14. dxc5 bxc5 15.
Nb5 Ne4 16. Qc2 Qb6 17. Rfd1 Bb7 18. Bd3 Nf6 19. Bb2 h6 20. Bc3 Red8 21. Qd2
Nxb3 22. Qb2 d4 23. Be1 Na5 24. Qd2 Nc6 25. Nd6 Rxd6 26. Rxb6 axb6 27. f3 Rcd8
28. e4 e5 29. f4 Nd7 30. Bg3 Ra8 31. Ra1 Nb4 32. Be2 d3 33. fxe5 Rd4 34. Bf2
dxe2 35. Bxd4 cxd4 36. Qxb4 d3 37. Kf2 Nxe5 38. Qe7 Ng4+ 39. Ke1 Ba6 40. Qd7
Bxc4 1-0

[Event "Geller Memorial"]
[Site "Moscow"]
[Date "1999.02.05"]
[Round "4.46"]
[White "Zenin, Dmitri"]
[Black "Burmakin, Vladimir"]
[Result "1/2-1/2"]
[WhiteElo "2345"]
[BlackElo "2534"]
[PlyCount "100"]
[EventDate "1999.02.02"]

1. d4 d5 2. c4 e6 3. Nc3 Be7 4. Nf3 Nf6 5. Bg5 h6 6. Bh4 O-O 7. e3 b6 8. Bd3
Bb7 9. O-O Nbd7 10. Qe2 Ne4 11. Bg3 Nxg3 12. hxg3 c5 13. Rfd1 cxd4 14. exd4
dxc4 15. Bxc4 Nf6 16. Ne5 Bb4 17. Rac1 Qe7 18. Bd3 Rac8 19. Ne4 Nxe4 20. Bxe4
Bd6 21. Bb1 Bxe5 22. dxe5 Rxc1 23. Rxc1 Rd8 24. Rd1 g6 25. Rxd8+ Qxd8 26. Qd3
Qc7 27. Qe3 Qc4 28. f3 Kg7 29. g4 Qb4 30. Qe2 Bd5 31. b3 Qd4+ 32. Kh2 Qf4+ 33.
Kh3 a5 34. Bc2 Qd4 35. Kh2 Kf8 36. Bd3 a4 37. bxa4 Qxa4 38. Qb2 Qf4+ 39. Kh1
Bxf3 40. Qxb6 Bxg2+ 41. Kxg2 Qd2+ 42. Kg1 Qxd3 43. Qb4+ Kg7 44. a4 Qe3+ 45. Kf1
Qh3+ 46. Kf2 Qh2+ 47. Kf3 h5 48. gxh5 Qxh5+ 49. Kf2 Qh2+ 50. Kf3 Qh5+ 1/2-1/2

[Event "Geller Memorial"]
[Site "Moscow"]
[Date "1999.02.05"]
[Round "4.48"]
[White "Dragomarezkij, Evgeni"]
[Black "Ozolin, Maxim"]
[Result "1-0"]
[WhiteElo "2486"]
[BlackElo "2321"]
[PlyCount "134"]
[EventDate "1999.02.02"]

1. d4 Nf6 2. c4 g6 3. Nc3 Bg7 4. e4 d6 5. f3 c6 6. Be3 a6 7. c5 b5 8. cxb6 Qxb6
9. Qd2 a5 10. Rc1 Ba6 11. Bxa6 Qxa6 12. b3 O-O 13. Nge2 Nbd7 14. Na4 Rfc8 15.
O-O Rab8 16. Rc2 Nb6 17. Nxb6 Qxb6 18. Nc3 Qa6 19. Rfc1 Nd7 20. Na4 Qb5 21. Rc4
f5 22. Qc2 fxe4 23. Qxe4 Nf6 24. Qe6+ Kh8 25. Nc3 Qf5 26. Qxf5 gxf5 27. Ne2 Nd5
28. Bd2 Nb4 29. Bxb4 Rxb4 30. Kf2 Kg8 31. Ke3 Kf7 32. Rxc6 Rcb8 33. R1c4 d5 34.
R4c5 R8b5 35. Rxb5 Rxb5 36. Ra6 e5 37. dxe5 Bxe5 38. f4 Bf6 39. Nd4 Rc5 40.
Nxf5 Rc2 41. Rxa5 Rxg2 42. h4 Kg6 43. Kf3 Rh2 44. Rxd5 Rxa2 45. Kg3 Rb2 46. Rb5
Rb1 47. Ne3 Rh1 48. Rb6 Kf7 49. Rb7+ Kg8 50. Nf5 h5 51. b4 Rb1 52. Kf3 Rc1 53.
Ne7+ Kf7 54. Nd5+ Ke6 55. Nxf6 Kxf6 56. Rb6+ Kf5 57. Rb5+ Kg6 58. Rg5+ Kh6 59.
b5 Rb1 60. Rc5 Kg6 61. Ke4 Re1+ 62. Kd4 Rh1 63. b6 Rb1 64. Rg5+ Kh6 65. Kc5
Rc1+ 66. Kd6 Rd1+ 67. Kc6 Rc1+ 1-0